Statistics for The Office

Click here to take the quiz!

General Stats

  • This quiz has been taken 139 times
  • The average score is 12 of 15

Answer Stats

Hint Answer % Correct
What instrument does Kevin play?Drums
96%
What college did Andy go to?Cornell
96%
Who did Kelly hook up with the day before Valentines Day?Ryan
93%
Where did Jim move Dwight's desk to prank him?Bathroom
93%
What is Erin's real first name on the Office?Kelly
90%
What is Dwight's nickname for Angela?Monkey
84%
What is the name of Michael's movie screenplay?Threat Level Midnight
84%
Who did Dwight put in the freezer?Sprinkles
84%
What is the name of Jan's assistant in Corporate?Hunter
84%
What does Merediths' son Jake do for work?Stripper
81%
What is Dwight's shirt colourMustard
79%
What business did Jan start up in Michael's condo?Serenity by Jan
69%
Toby, Oscar and Pam were in which club?The Finer Things
67%
What is Dwight's favourite TV show?Battlestar Galactica
63%
What did Michael eat before the Meredith Palmer Memorial Celebrity Rabies Awareness Pro-Am Fun Run Race For the Cure?Fettucine alfredo
18%

Score Distribution

Percentile by Number Answered

Percent of People with Each Score

Your Score History

You have not taken this quiz